| 000 | 00940cam a2200277 a 4500 | ||
|---|---|---|---|
| 001 | 13450401 | ||
| 003 | OSt | ||
| 005 | 20150408114011.0 | ||
| 008 | 040106s2005 njua b 001 0 eng | ||
| 010 | _a 2004040024 | ||
| 020 | _a013111980X | ||
| 040 |
_aDLC _cDLC _dDLC |
||
| 050 | 0 | 0 |
_aLB1060 _b.G73 2005 |
| 082 | 0 | 0 |
_a370.1523 _222 |
| 100 | 1 |
_aGredler, Margaret E. _910207 |
|
| 245 | 1 | 0 |
_aLearning and instruction : _btheory into practice / _cMargaret E. Gredler. |
| 250 | _a5th ed. | ||
| 260 |
_aUpper Saddle River, N.J. : _bPearson/Merrill Prentice Hall, _cc2005. |
||
| 300 |
_axii, 450 p. : _bill. ; _c25 cm. |
||
| 504 | _aIncludes bibliographical references and indexes. | ||
| 650 | 0 | _aLearning. | |
| 650 | 0 |
_aCognition in children. _97159 |
|
| 650 | 0 | _aTeaching. | |
| 942 |
_2ddc _cDVD |
||
| 999 |
_c21201 _d255701 |
||